000
00231nam a22000857a 4500
008
160907b xxu||||| |||| 00| 0 eng d
100
_9
326
_a
Doyle A.C
245
_a
The case book of Sherlock Holmes
260
_a
New Delhi
_b
Jaico publication
999
_c
2986
_d
2986